| 000 | 00975cac a22002531u 4500 | ||
|---|---|---|---|
| 090 | _c3428 | ||
| 008 | 081223t 1951xxu||||| |||| 00| 0 eng d | ||
| 010 | _a 51011117 | ||
| 035 | _a(OCoLC)353168 | ||
| 082 |
_a658.01 _bALF |
||
| 100 | _aAlford, Leon Pratt, | ||
| 245 | 1 | 0 |
_aPrinciples of industrial management / _c[by] L.P. Alford ; Revised and Written by H.Russell Beatty. |
| 250 |
_aRev. ed. / _brev. and rewritten by H. Russell Beatty. |
||
| 260 |
_aNew York : _bRonald Press Co., _cc1951. |
||
| 300 |
_axxii, 779 p. : _bill. ; _c24 cm. |
||
| 500 | _aDonations . | ||
| 500 | _aDonations - Bibliotheca Alexandrina. | ||
| 504 | _aIncludes bibliographies and index. | ||
| 650 | 0 | _aIndustrial management. | |
| 650 | 0 | _aFactory management. | |
| 700 | 1 |
_aBeatty, Henry Russell, _d1906- |
|
| 942 |
_cBB _k658.01ALF _2ddc |
||
| 999 |
_c3428 _d3428 |
||